Movies Quiz

Random Movies or Clickable Quiz

5-Star Movies Quiz Stats

 Plays Quiz Updated Nov 5, 2019

Support Sporcle.
Go Orange.
Score 0/50 Timer 06:00
13 Plays Today
% Correct
Christian Bale
96.6%
Heath Ledger
94.9%
Elijah Wood
90.7%
Ben Stiller
89.9%
Robert Downey Jr
87.3%
Harrison Ford
86.6%
Ian McKellen
85.7%
Carrie Fisher
85.2%
Mark Hamill
84.5%
Scarlett Johansson
82.8%
Chris Evans
81.8%
Leonardo DiCaprio
81.8%
Viggo Mortensen
81.6%
Maggie Gyllenhaal
80%
Robert De Niro
79.1%
Jeff Bridges
78.4%
Joe Pesci
77.5%
Gary Oldman
77.5%
Kevin Spacey
77.4%
Ray Liotta
76.6%
Mark Ruffalo
76%
Matt Damon
75.7%
Sean Astin
74.4%
Jack Nicholson
74%
John Goodman
73.1%
% Correct
Robin Williams
72.8%
Morgan Freeman
72.5%
Mark Wahlberg
69.6%
Alec Guinness
68%
Gwyneth Paltrow
67.3%
Steve McQueen
65%
Benicio Del Toro
62.9%
Charles Bronson
62.4%
Yul Brynner
60.3%
Dick Van Dyke
59.7%
Steve Buscemi
59.1%
Gabriel Byrne
57.3%
Stephen Baldwin
57.2%
James Coburn
53.3%
Julianne Moore
52.5%
Paul Sorvino
52.4%
Carla Gugino
51.3%
Liv Tyler
49.3%
Vera Farmiga
48.6%
Phillip Seymour Hoffman
46.3%
Peter Cushing
45.4%
Mickey Rooney
44.9%
Robert Vaughn
44.9%
Frank Vincent
40.7%
Pete Postlethwaite
38.5%

You're not logged in!

Compare scores with friends on all Sporcle quizzes.
OR
Log In

From the Vault

Hunger Games: Who or What Kills Whom?!

by PaulcOmpton22

Warning: competing in the Hunger Games is bad for your health and well-being.
Remove Ads.
Support Sporcle.
Get the best of Sporcle when you Go Orange. This ad-free experience offers more features, more stats, and more fun while also helping to support Sporcle. Thank you for becoming a member.

Show Comments

Extras

Top Quizzes Today


Score Distribution

Your Account Isn't Verified!

In order to create a playlist on Sporcle, you need to verify the email address you used during registration. Go to your Sporcle Settings to finish the process.

Report this User

Report this user for behavior that violates our Community Guidelines.

Details: